|
|
|
|
| LEADER |
00000naa2a2200000 4500 |
| 001 |
431778 |
| 005 |
20231101075418.0 |
| 035 |
|
|
|a (RuTPU)RU\TPU\prd\91951
|
| 035 |
|
|
|a RU\TPU\prd\34259
|
| 090 |
|
|
|a 431778
|
| 100 |
|
|
|a 20101202a2004 k y0rusy50 ca
|
| 101 |
0 |
|
|a rus
|
| 102 |
|
|
|a RU
|
| 200 |
1 |
|
|a Высота потенциального барьера ян-теллеровского центра
|f В. Н. Васюков, А. Д. Прохоров, В. П. Дьяконов, Г. Шимчак
|
| 225 |
1 |
|
|a Твердые структуры
|v С. 215-223.
|
| 320 |
|
|
|a Библиогр.: 12 назв.
|
| 461 |
|
1 |
|0 (RuTPU)RU\TPU\prd\1443
|x 0044-4510
|t Журнал экспериментальной и теоретической физики
|l ЖЭТФ
|f Российская академия наук (РАН) ; Отделение физических наук РАН
|d 1931-
|
| 463 |
|
1 |
|0 (RuTPU)RU\TPU\prd\91933
|t Т. 126, вып. 1
|v с. 215-223
|d 2004
|
| 610 |
1 |
|
|a эффект Яна-Теллера
|
| 610 |
1 |
|
|a потенциальные барьры
|
| 610 |
1 |
|
|a ян-теллеровские центры
|
| 610 |
1 |
|
|a потенциальные ямы
|
| 610 |
1 |
|
|a параметры магнитных центров
|
| 610 |
1 |
|
|a модели туннелирования
|
| 610 |
1 |
|
|a температурные зависимости
|
| 610 |
1 |
|
|a низкотемпературный спкектр ЭПР
|
| 701 |
|
1 |
|a Васюков
|b В. Н.
|
| 701 |
|
1 |
|a Прохоров
|b А. Д.
|
| 701 |
|
1 |
|a Дьяконов
|b В. П.
|
| 701 |
|
1 |
|a Шимчак
|b Г.
|
| 801 |
|
1 |
|a RU
|b 63413507
|c 20050328
|g PSBO
|
| 801 |
|
2 |
|a RU
|b 63413507
|c 20101203
|g RCR
|
| 942 |
|
|
|c BK
|